India General Geography - Statistics

General Stats
  • This quiz has been taken 456 times
  • The average score is 25 of 38
Answer Stats
Hint Answer % Correct
Delhi
99%
Delhi
99%
Capital New Delhi
99%
Pakistan
98%
Nepal
97%
Bordering countries Bangladesh
96%
Sri Lanka
96%
China
95%
Bhutan
93%
Ganges
93%
Largest Cities Mumbai
93%
City home to the Taj Mahal Agra
89%
Kolkata
89%
Myanmar
89%
Bay of Bengal
88%
Longest Mountain Ranges Himalayas
88%
Bodies of water it borders Arabian Sea
82%
Island countries to the south Maldives
80%
Chennai
79%
Bangalore
75%
Longest rivers Indus
69%
Territories Andaman and Nicobar Islands
68%
Largest Desert Thar Desert
66%
Brahmaputra
60%
Daman and Diu
56%
Chandigarh
54%
Lakshadweep
49%
Puducherry
46%
Tallest Mountains Kangchenjunga
38%
Strait connecting these two bodies of water Palk Strait
35%
Dadra and Nagar Haveli
27%
Western Ghats
25%
Eastern Ghats
21%
Aravalli Range
18%
Karakoram
10%
Nanda Devi
8%
Tallest Building Palais Royale
3%
Kamet
2%
No matching quizzes found
Score Distribution
Percent of People with Each Score
Percentile by Number Answered
Your Score History
You have not taken this quiz